000
00224nam a2200097Ia 4500
008
220204s9999 xx 000 0 und d
082
_a
82-3HB
_b
DIX
100
_a
Dixon, Franklin W
245
0
_a
Shore road mystery
942
_c
BK
999
_c
37609
_d
37609